000 01418nmc a2200433 a 4500
003 AR-BaBNM
005 20251128202913.0
008 316019s1974 ||||||||||||||000 | spa||
040 _cAR-BaBNM
100 1 _aGonzález Arrili, Bernardo
245 1 0 _aTiempo pasado
_bsemblanzas de escritores argentinos
260 _aBuenos Aires
_bAcademia Argentina de Letras
_c1974
300 0 _a454 p.
490 0 _aBiblioteca de la Academia Argentina de Letras. Estudios académicos
_vv. 19
600 1 4 _aVélez Sarsfield, Dalmacio
_d1801-1875
600 1 4 _aCastañeda, Francisco de Paula
_d1776-1832
600 1 4 _aFrías, Félix
_d1816-1881
600 1 4 _aMármol, José
_d1817-1871
600 1 4 _aLlerena, Juan
600 1 4 _aBarra, Federico de la
600 1 4 _aGuido y Spano, Carlos
_d1827-1918
600 1 4 _aCampo, Estanislao del
_d1834-1880
600 1 4 _aCané, Miguel
_d1851-1925
600 1 4 _aLópez, Lucio Vicente
_d1848-1894
600 1 4 _aRamos Mejía, José María
600 1 4 _aEstrada, José Manuel
_d1842-1894
600 1 4 _aGarcía, Juan Agustín
_d1862-1923
600 1 4 _aCoronado, Martín
600 1 4 _aLeguizamón, Martiniano
_d1858-1935
600 1 4 _aGonzález, Joaquín V.
_d1863-1923
650 4 _aBIOGRAFIAS
650 4 _aHISTORIA LITERARIA
650 4 _aHISTORIA CULTURAL
650 4 _aESCRITORES
651 4 _aArgentina
655 _aBIOGRAFIAS
942 _cBK
998 _cEnrique
999 _c1130
_d1130